1250 1644 1171 1730 1689 1440 1677 1954 1700 1575 1985 1817 1276 1050 1656 1015 1358 1854 1315 1741 1843 1410 1834 1839 1623 1420 1518 1733 1180 1692 1443 1743 1367 1331 1181 1686 1252 1542 1459 1619 1795 1690 1275 1107 1205 1292 1507 1449 1632 1556 1852 1837 1337 1189 1760 1879 1846 1868 1992 1576 1774 1845 1904 1154 1074 1349 1953 1030 1565 1085 1027 1880 1533 1995 1721 1721 1439 1775 1860 1879 1640 1861 1413 1882 1110 1303 1932 1010 1929 1989 1576 1143 1274 1357 1846 1067 1463 1077 1819 BCNSPRNW ULIB Ver.6.0+V

เปลี่ยนเป็นภาษาไทย

Change to English
 แสดงรายละเอียดบรรณานุกรม
  กลับหน้าหลัก

Brief Record : Get Marc (ISO 2709) : E-mail record : QR code < ปิดหน้าต่าง
LEADER : 00000nam 2200000uu 4500
001    13399109825
003     ULIB
008    110412s2542||||th 000 0 tha d
060 04 WC503^bอ863ก 2542
100 0  เอกธง ลิ้มวีระประจักษ์
245 10 การเปรียบเทียบวิธีประยุกต์เพื่อตรวจหา anti-HIVในซีรั่ม /^cเอกธง ลิ้มวีระประจักษ์
260    นครสวรรค์ :^bโรงพยาบาลสวรรค์ประชารักษ์,^c2542
300    25 หน้า
650  7 การตรวจหาanti-HIV
710 1  โรงพยาบาลสวรรค์ประชารักษ์^bกลุ่มงานพยาธิวิทยาคลีนิก
945    ^p0^l0^i011944
995    ทศพร
999 ^a ใช้งานได้ทุกระบบ
รายการนี้ยังไม่มีแท็ก
คุณยังไม่ได้ล็อกอิน คุณสามารถมีกิจกรรมร่วมกับเว็บไซต์ได้ แต่ต้องล็อกอินก่อน ::
  ล็อกอิน

รายการสื่อสารสนเทศ

ลำดับที่ ประเภท เลขเรียก/บาร์โค้ด สถานที่ สถานะ
- ไม่พบข้อมูล -

BibComment


ยังไม่เคยถูกคอมเมนท์

คอมเมนท์ทรัพยากรรายการนี้
  คอมเมนท์: การเปรียบเทียบวิธ..


 Copyright 2026. Bcnsprnw @Library